000
00344nam a2200133Ia 4500
008
151213s9999 xx 000 0 und d
100
_a
D. B. MacEachen
245
_a
Cliffs Notes on Keats & Shelley
_c
D. B. MacEachen
260
_a
Nebraska
_b
Cliffs
_c
#N/A
300
_a
1859 p.
650
_a
English
700
_a
D. B. MacEachen
999
_c
1364
_d
1364